<?xml version="1.0" encoding="UTF-8"?>
<collection xmlns="http://www.loc.gov/MARC21/slim">
 <record>
  <leader>00954nam a22002051a 4500</leader>
  <controlfield tag="001">1/25109</controlfield>
  <controlfield tag="008">050310s2000    gr       b    00010 gre  </controlfield>
  <datafield tag="020" ind1=" " ind2=" ">
   <subfield code="a">9603540846</subfield>
  </datafield>
  <datafield tag="035" ind1=" " ind2=" ">
   <subfield code="l">26896</subfield>
  </datafield>
  <datafield tag="040" ind1=" " ind2=" ">
   <subfield code="a">GR-PeUP</subfield>
  </datafield>
  <datafield tag="082" ind1="0" ind2="0">
   <subfield code="a">937.06 CAM ΜΤΦ</subfield>
  </datafield>
  <datafield tag="100" ind1="1" ind2=" ">
   <subfield code="a">Cameron, Averil.</subfield>
  </datafield>
  <datafield tag="245" ind1="1" ind2="2">
   <subfield code="a">Η ύστερη ρωμαϊκή αυτοκρατορία:</subfield>
   <subfield code="b">(284 μ.Χ. - 430 μ.Χ.) /</subfield>
   <subfield code="c">Averil Cameron ; μετάφραση Ιωάννα Κράλλη</subfield>
  </datafield>
  <datafield tag="260" ind1="0" ind2=" ">
   <subfield code="a">Αθήνα:</subfield>
   <subfield code="b">Ινστιτούτο του βιβλίου,</subfield>
   <subfield code="c">2000</subfield>
  </datafield>
  <datafield tag="300" ind1=" " ind2=" ">
   <subfield code="a">350 σ. ;</subfield>
   <subfield code="c">20 εκ.</subfield>
  </datafield>
  <datafield tag="500" ind1=" " ind2=" ">
   <subfield code="a">Περιέχει βιβλιογραφία</subfield>
  </datafield>
  <datafield tag="651" ind1=" " ind2="0">
   <subfield code="a">Ρώμη</subfield>
   <subfield code="x">Ιστορία</subfield>
   <subfield code="x">Αυτοκρατορία</subfield>
   <subfield code="y">(284 μ.Χ. - 430 μ.Χ.)</subfield>
  </datafield>
  <datafield tag="651" ind1=" " ind2="0">
   <subfield code="a">Ρωμαϊκή Αυτοκρατορία</subfield>
   <subfield code="x">Ιστορία</subfield>
   <subfield code="y">(284 μ.Χ.-476 μ.Χ.)</subfield>
  </datafield>
  <datafield tag="700" ind1="1" ind2=" ">
   <subfield code="a">Κράλλη, Ιωάννα Π.</subfield>
  </datafield>
  <datafield tag="852" ind1=" " ind2=" ">
   <subfield code="a">INST</subfield>
   <subfield code="b">UNIPILB</subfield>
   <subfield code="c">MAIN</subfield>
   <subfield code="e">20050310</subfield>
   <subfield code="h">937.06 CAM ΜΤΦ</subfield>
   <subfield code="p">00147203</subfield>
   <subfield code="q">00147203</subfield>
   <subfield code="t">LOAN</subfield>
   <subfield code="y">0</subfield>
   <subfield code="4">1</subfield>
  </datafield>
 </record>
</collection>
